| 000 | 01116nac a22003011i 4500 | ||
|---|---|---|---|
| 003 | EG-ScBUE | ||
| 005 | 20260316104514.0 | ||
| 008 | 110112s1995 le ab f b 001 0 eng d | ||
| 020 | _a0582555493 | ||
| 020 | _a9780582555495 | ||
| 040 |
_aEG-ScBUE _beng _erda _cEG-ScBUE _dEG-ScBUE |
||
| 041 | 0 |
_aeng _aara |
|
| 082 | 0 | 4 |
_a550.3 _bWAT _222 |
| 100 | 1 |
_aWatt, Alec, _eauthor. _921943 |
|
| 245 | 1 | 0 |
_aLongman illustrated dictionary of geology / _cAlec Watt |
| 246 | 3 | 5 |
_aقاموس الجيولوجية المصور : _bمع مسردين إنكليزي عربي وعربي -إنكليزي |
| 250 | _aReprinted edition. | ||
| 264 | 1 |
_aBeirut : _bLibrairie du Liban Publishers, _c1995. |
|
| 300 |
_a328 pages : _bcolor illustrations, maps ; _c19 cm |
||
| 336 |
_2rdacontent _atext _btxt |
||
| 337 |
_aunmediated _2rdamedia _bn |
||
| 338 |
_avolume _bnc _2rdacarrier |
||
| 500 | _aThe Principles of geology explained and illustrated | ||
| 504 | _aIncludes bibliographical references and index. | ||
| 650 | 7 |
_aGeology _xDictionaries _2BUEsh _921944 |
|
| 655 | _vReading book | ||
| 942 |
_cREFERENCE _2ddc |
||
| 999 |
_c6691 _d6691 |
||